000 01180cas a22002655 4500
001 L147819
008 110221c2008 xxuqr ws s 0 a0eng u
035 _a(Sirsi) u147819
041 0 _aeng
050 _a333.33 $2 18
110 2 _aPrudential Real Estate Investors
_95755
245 0 0 _aU.S. Quarterly Outlook
_h[electronic resource]
260 _aParsippany
_bPREI
_c2008
362 0 _aJuly 2008-
490 0 _aU.S. Quarterly Outlook
_vJuly 2008-
520 _aCovers trends and outlook in the US debt, REITs and property markets. Charts. Graphs.
520 _aU.S Quarterly Market Perspective until April 2011 issue
554 _aFour per year
650 2 4 _aPRUDENTIAL REAL ESTATE INVESTORS U.S. QUARTERLY OUTLOOK
651 4 _aUnited States
_y1959-
690 _aPROPERTY-COMMERCIAL PROPERTY-COMMERCIAL PROPERTY MARKET
856 4 8 _uhttps://www.pramericarei.com/pramerica/realestate/index.html
_zView the latest report free of charge at www.pramericarei.com
856 4 8 _uhttps://www.pramericarei.com/pramerica/realestate/pra_research_frameset.html
_zClick on the link research archive to view archive issues free of charge at www.pramericarei.com
942 _n0
999 _c119229
_d119229